000 00589cam a22002053a 4500
001 38767
003 PGUSA
005 20140828083844.0
008 120204s2012||||xxu|||||s|||||000 | eng d
040 _aPGUSA
_beng
042 _adc
100 1 _aBates, Katharine Lee,
_d1859-1929
245 1 0 _aSpanish Highways and Byways
_h[electronic resource] /
_cKatharine Lee Bates
260 _bProject Gutenberg,
_c2012
506 _aPublic domain in the USA.
516 _aElectronic text
830 0 _aProject Gutenberg
_v38767
856 4 0 _uhttp://www.gutenberg.org/ebooks/38767
942 _cEB
999 _c268021
_d268021